000 00594cam a2200205 a 4500
999 _c3701
_d3701
001 18529
003 BD-DhUAP
005 20200311113712.0
008 200311s2001 nyu b 000 0 eng
020 _a9780375759345
040 _aBD-DhUAP
_cBD-DhUAP
_dBD-DhUAP
_bEng
082 0 0 _a821.912 ELI
_223
100 1 _aEliot, T. S.
245 1 4 _aThe waste land and other writings /
_cT. S. Eliot ; introduction by Mary Karr.
260 _aNew York :
_bThe Modern Library,
_cc2001.
300 _axxviii, 234 pages ;
_c20 cm.
650 _aEnglish poetry.
700 _aKarr, Mary.
942 _2ddc
_cBK